| 000 | 00900nam a22002777a 4500 | ||
|---|---|---|---|
| 003 | CHAP | ||
| 005 | 20220817041652.0 | ||
| 008 | 971013s r 00010 d | ||
| 010 | _a21107 | ||
| 011 | _a22079 | ||
| 035 | _a26171 | ||
| 040 | _cCHAP | ||
| 090 | _aR-822 | ||
| 100 | 0 | 0 | _aBoock, Olavo José. |
| 245 | _aControle de Pseudococcus maritimus en tuberculos semente de batatinna, com "Rhodiatox" | ||
| 500 | _aSobretiro de : Revista de Agricultura Sao Paulo. 25 (11-12) : 397-404, 1950 | ||
| 590 |
_aBATCH-UPD _b10 _c20130110 _lUCH01 _h0018 |
||
| 590 |
_aBATCH-UPD _b10 _c20130110 _lUCH01 _h2150 |
||
| 590 |
_aBATCH-UPD _b10 _c20130410 _lUCH01 _h1458 |
||
| 590 |
_aBATCH-UPD _b10 _c20130914 _lUCH01 _h0756 |
||
| 590 |
_aCONVERSION _b10 _c20130109 _lUCH01 _h1313 |
||
| 650 | 1 | 4 |
_aPseudococcus maritimus. _992562 |
| 901 | _aBK | ||
| 942 | _cREIMP | ||
| 949 |
_aR-822 _bBC _cR _d-60406 _eTS1 _i26171 _si |
||
| 999 |
_c21107 _d21107 |
||